000 00655nam a2200289Ia 4500
005 20260324140312.0
008 008 260324s9999 xx 000 0 eng d
020 _a9781315008752
037 _aEBOOK
040 _aCRL
040 _beng
040 _cCRL
041 _2eng
041 _aeng
084 _qCRL
100 _aTom Sorell
_91203883
245 0 _aHobbes
245 4 _bThe Arguments of the Philosophers
260 _bTaylor and Francis
260 _c1999
365 _a
365 _b450
856 _uhttp://www.taylorfrancis.com/books/9781315008752
942 _cEBOOK
999 _c1805823
_d1805823